01634nam a2200385 a 4500001001000000003000500010005001700015008004100032010001100073011001100084040000900095090001000104100003500114245017700149260004100326500006000367502007500427590004100502590004000543590004000583590004000623590004000663650003900703650002100742650002600763650002000789650005100809856007000860901000700930942001000937942000600947999001900953952013600972952014001108000109962CHAP20220329144110.0140616s2014 mx sm |||||||spa d a106424 a107396 cCHAP aTesis1 aLozano Durán, Melina912734010aRiqueza de abejas silvestres en cuatro hábitats del área recreativa nacional del Río Chattahoochee, Atlanta, Georgia, EE.UU.h[En línea]cpor Melina Lozano Durán. aChapingo, Méx. :bEl autor,c2014. aPara ver el contenido del material haga clic en la liga aTesis (Ing. en Agroecología) -- UACH. Departamento de Agroecología aBATCH-UPDb05c20141002lUCH01h0904 aE6096MTMb05c20140616lUCH01h1123 aE6096MTMb05c20140616lUCH01h1124 aE6096MTMb05c20140616lUCH01h1351 aE6096MTMb05c20140616lUCH01h135114aAbejasxHábitos y conducta.918814aEspecies.93779014aPolinizadores.99023814aRiqueza.99750814aVida silvestrexConservaciónxE.U.A.9119169 aFinding aiduhttp://10.13.5.2/tesis/sist109962.pdfzTeclea aquí aBK cTESIS n0 c106424d106424 00104054718TESISaBCbBCd2014-06-16fTESISl0oTesisp33724002410801r2019-12-31 00:00:00w2019-12-31yTESISzRecien adquirido 00102local4053708TESISaBCbBCcPA_TESISd2014-06-16fTESISl0oTesisp33724002410842r2019-12-31 00:00:00tc.2w2019-12-31yTESIS